000
00298nam a2200133Ia 4500
008
230312s9999||||xx |||||||||||||| ||und||
082
_a
519.5
_b
WAL-I
100
_a
Walpole ,Ronald .E
245
0
_a
Introduction to Statistic
300
_a
521
546
_a
Eng.
650
_a
Economics
942
_c
BK
999
_c
4285
_d
4285